000 00459nmm a2200145Ia 4500
008 251105s9999||||xx |||||||||||||||||und||
041 _aspa
100 _aGuedez Maluff, Maritza Cristina
245 0 _a1430 gramos: El peso de un milagro :
_b El peso de un milagro
264 _a[Madrid, España] :
_bMedinaliber Hispánica,
_c2021
300 _a0 páginas
650 _aBiography
856 _uhttps://public.digitaliapublishing.com/a/100376
942 _cCF
999 _c106850
_d106850